000 00881nam a22002417a 4500
005 20210325193226.0
008 s2544 th tha d
020 _a9748835006
041 _atha
050 _aSD657.T5 ต198ป 2544
100 0 _aตฤตณัย นพคุณ
245 1 0 _aป่าไม้ไทย : บทสรุปของอำนาจและผลประโยชน์
260 3 _aกรุงเทพฯ :
_bมูลนิธิสร้างเสริมไทย,
_c2544
300 _a127 หน้า ;
_b 21 ซม.
650 0 4 _aนโยบายป่าไม้
650 0 4 _aป่าไม้
650 0 4 _aป่าไม้ -- แง่เศรษฐกิจ
650 0 4 _aป่าไม้ -- ไทย
850 _aNALT
942 _cGB
997 _c000000000039480
998 _aARUNTHIP
999 _c39480
_d39480